000 00687nam a2200289Ia 4500
005 20260324152402.0
008 008 260324s9999 xx 000 0 eng d
020 _a9781785481550
037 _aEBOOK
040 _aCRL
040 _beng
040 _cCRL
041 _2eng
041 _aeng
084 _qCRL
100 _aJeanne-Marie, Membré
_91228811
245 0 _aModeling in Food Microbiology
260 _bElsevier
260 _c2016
650 _a Food Sciences
650 _aAgricultural
650 _aBiological
856 _uhttps://www.sciencedirect.com/science/book/9781785481550
942 _cEBOOK
999 _c1839373
_d1839373